Очаг / (Record no. 147133)
[ view plain ]
| 000 -LEADER | |
|---|---|
| fixed length control field | 00656nam a2200193 a 4500 |
| 001 - CONTROL NUMBER | |
| control field | 000386657 |
| 003 - CONTROL NUMBER IDENTIFIER | |
| control field | AM-YeHGA |
| 005 - DATE AND TIME OF LATEST TRANSACTION | |
| control field | 20260407062955.0 |
| 008 - FIXED-LENGTH DATA ELEMENTS--GENERAL INFORMATION | |
| fixed length control field | 041123s1984 ai r 000 0 rus d |
| 040 ## - CATALOGING SOURCE | |
| Original cataloging agency | AM-YeHGA |
| 041 0# - LANGUAGE CODE | |
| Language code of text/sound track or separate title | rus |
| 100 1# - MAIN ENTRY--PERSONAL NAME | |
| Personal name | Բալայան, Զորի Հայկի, |
| Dates associated with a name | 1935-2026 |
| 9 (RLIN) | 1491 |
| 245 10 - TITLE STATEMENT | |
| Title | Очаг / |
| Statement of responsibility, etc. | З.Г. Балаян ; Ил. авт. |
| 260 ## - PUBLICATION, DISTRIBUTION, ETC. | |
| Place of publication, distribution, etc. | Ереван : |
| Name of publisher, distributor, etc. | Советакан грох, |
| Date of publication, distribution, etc. | 1984. |
| 300 ## - PHYSICAL DESCRIPTION | |
| Extent | 424 с. : |
| Other physical details | рис. ; |
| Dimensions | 20 см. |
| 650 14 - SUBJECT ADDED ENTRY--TOPICAL TERM | |
| Topical term or geographic name entry element | Армянская литература |
| General subdivision | Проза |
| 700 1# - ADDED ENTRY--PERSONAL NAME | |
| Personal name | Բալայան, Զորի Հայկի, |
| Dates associated with a name | 1935-2026 |
| Relator term | худож. |
| Relationship | art |
| 9 (RLIN) | 1491 |
| 942 ## - ADDED ENTRY ELEMENTS (KOHA) | |
| Source of classification or shelving scheme | Universal Decimal Classification |
| Koha item type | Գրքեր / Books |
| Withdrawn status | Lost status | Damaged status | Not for loan | Collection | Home library | Current library | Date acquired | Total checkouts | Full call number | Barcode | Date last seen | Price effective from | Koha item type | Public note |
|---|---|---|---|---|---|---|---|---|---|---|---|---|---|---|
| General | Fundamental Scientific Library | Fundamental Scientific Library | 22/12/2016 | PII/519150 | FL0198758 | 22/12/2016 | 22/12/2016 | Գրքեր / Books | 30 Days Loan |
ՀՀ Գիտությունների ազգային ակադեմիայի հիմնարար գիտական գրադարան = Fundamental Scientific Library of NAS RA
All site content, except where otherwise noted, is licensed under a